Video Game Characters By Picture - H - Statistics

General Stats
  • This quiz has been taken 113 times
    107 since last reset
  • The average score is 4 of 10
Answer Stats
Picture Answer % Correct
Heavy
78%
Hatsune Miku
76%
Hypno
75%
Hammer Bro
62%
Hanzo
58%
King {Hippo}
37%
Handsome Jack
34%
Haru Okumura
16%
Herlock Sholmes
8%
Honey
2%
No matching quizzes found
Score Distribution
Percent of People with Each Score
Percentile by Number Answered
Your Score History
You have not taken this quiz since the last reset